000 00496nam a2200181 a 4500
008 980817s1989 m yCZ 0 cze c
020 _a807046013X
_c57
040 _aSNK
_bslo
_cSNK
_eAACR2
041 1 _aces
044 _aCZ
080 _a908.437-25(036)
245 1 0 _aCo je co v Praze
_c[autor:] Ctibor Rybár a kol.
260 _aPraha
_bPressfoto
_c1989
300 _a470, [1] s.
_c
651 0 7 _aPraha (Česká republika)
_xsprievodca
_2SNK
700 1 _aRybár, Ctibor
_4aut
958 _aA
999 _c17662
_d17662